| 000 | 01339cam a2200337 a 4500 | ||
|---|---|---|---|
| 999 |
_c332019 _d332019 |
||
| 001 | 2405327 | ||
| 003 | NUST | ||
| 005 | 20171107121039.0 | ||
| 008 | 860519s1986 inu b 000 0 eng | ||
| 010 | _a 86013261 | ||
| 020 |
_a0941532062 (pbk.) : _c$12.00 |
||
| 040 |
_aDLC _cDLC _dDLC |
||
| 041 | 1 | _aengfre | |
| 050 | 0 | 0 |
_aBF1999 _b.S361213 1986 |
| 082 | 0 | 0 |
_a299.93 _bSCH |
| 100 | 1 |
_aSchuon, Frithjof, _d1907-1998. _96063 |
|
| 240 | 1 | 0 |
_aRésumé de métaphysique intégrale. _lEnglish |
| 245 | 1 | 0 |
_aSurvey of metaphysics and esoterism / _cFrithjof Schuon ; translated by Gustavo Polit. |
| 260 |
_aBloomington, Ind. : _bWorld Wisdom Books, _c1986 |
||
| 300 |
_avii, 224 p. ; _c21 cm. |
||
| 440 | 4 |
_aThe Library of traditional wisdom _96096 |
|
| 500 | _aTranslation of: Résumé de métaphysique intégrale, and Sur les traces de la religion pérenne. | ||
| 500 | _a"First published as two books"--P. vi. | ||
| 500 | _a"By the same author": p. v. | ||
| 504 | _aIncludes bibliographical references. | ||
| 650 | 0 |
_aMetaphysics _xMiscellanea. _96097 |
|
| 650 | 0 |
_aReligion _xMiscellanea. _96098 |
|
| 700 | 1 | 2 |
_aSchuon, Frithjof, _d1907-1998. _tSur les traces de la religion pérenne. _lEnglish. _96099 |
| 906 |
_a7 _bcbc _corignew _d1 _eocip _f19 _gy-gencatlg |
||
| 942 |
_2ddc _cBK |
||